[Event "First Saturday 2008 oktober FM-B"]
[Site "Budapest"]
[Date "2008.10.04"]
[Round "1.1"]
[White "Mayer, Istvan"]
[Black "Mohammad, Fahim"]
[Result "0-1"]
[WhiteElo "2136"]
[BlackElo "1797"]
[PlyCount "68"]
[EventDate "2008.10.04"]

1. e4 c5 2. Nf3 d6 3. d4 cxd4 4. Nxd4 Nf6 5. Nc3 g6 6. Be2 Bg7 7. O-O O-O 8.
Be3 Nc6 9. Nb3 Bd7 10. f4 Rc8 11. Kh1 a6 12. a4 a5 13. g4 Nb4 14. g5 Nxe4 15.
Nxe4 Nxc2 16. Bf2 Nxa1 17. Nxa1 Bxb2 18. Qb3 Bg7 19. Bb6 Qe8 20. Bb5 Bxb5 21.
axb5 a4 22. Qd3 Qd7 23. f5 gxf5 24. Nc5 Qe8 25. Nxa4 Ra8 26. Qb3 Qc8 27. Nc2
Qe6 28. Qxe6 fxe6 29. Rf4 Rfc8 30. Ne1 Be5 31. Rb4 Rc1 32. Bf2 Ra1 33. Nb6 R8a2
34. Kg2 Bc3 0-1

[Event "First Saturday 2008 oktober FM-B"]
[Site "Budapest"]
[Date "2008.10.04"]
[Round "1.1"]
[White "Mendege, Andras"]
[Black "Mihajlova, Diana"]
[Result "1-0"]
[WhiteElo "1866"]
[BlackElo "1484"]
[PlyCount "90"]
[EventDate "2008.10.04"]

1. e4 Nf6 2. e5 Nd5 3. d4 d6 4. Nf3 dxe5 5. Nxe5 Nd7 6. Nxf7 Kxf7 7. Qh5+ g6 8.
Qxd5+ e6 9. Qf3+ Nf6 10. c3 Qd5 11. Be2 b6 12. c4 Bb4+ 13. Bd2 Bxd2+ 14. Nxd2
Qb7 15. Qxb7 Bxb7 16. Bf3 c6 17. O-O-O Rad8 18. Nb3 g5 19. g3 g4 20. Bg2 a5 21.
Na1 Ba6 22. b3 Rd6 23. Nc2 Ra8 24. Rhe1 a4 25. Kb2 Rad8 26. Kc1 Nd7 27. f3 h5
28. f4 Kf6 29. Nb4 Nb8 30. Nc2 axb3 31. axb3 Bb7 32. Kb2 R8d7 33. b4 Na6 34.
Kc3 Nb8 35. c5 bxc5 36. bxc5 Rd5 37. Bxd5 exd5 38. Nb4 Bc8 39. Kc2 Ra7 40. Ra1
Bf5+ 41. Kc3 Rc7 42. Re8 Bc8 43. Ra8 Kf7 44. Rd8 Ke7 45. Rh8 Rb7 1-0

[Event "First Saturday 2008 oktober FM-B"]
[Site "Budapest"]
[Date "2008.10.05"]
[Round "1.2"]
[White "Mohammad, Fahim"]
[Black "Dobos, Otto"]
[Result "1/2-1/2"]
[WhiteElo "1797"]
[BlackElo "1824"]
[PlyCount "38"]
[EventDate "2008.10.04"]

1. d4 d5 2. c4 e6 3. Nc3 c6 4. Nf3 Be7 5. e3 Nf6 6. Bd3 O-O 7. O-O dxc4 8. Bxc4
Nd5 9. e4 Nb6 10. Bd3 Kh8 11. Bb1 c5 12. e5 Nd5 13. Qd3 g6 14. a3 cxd4 15. Nxd4
Bg5 16. f4 Bh6 17. Ne4 f5 18. Nc5 Re8 19. Ba2 Bg7 1/2-1/2

[Event "First Saturday 2008 oktober FM-B"]
[Site "Budapest"]
[Date "2008.10.05"]
[Round "1.2"]
[White "Mayer, Istvan"]
[Black "Mendege, Andras"]
[Result "1/2-1/2"]
[WhiteElo "2136"]
[BlackElo "1866"]
[PlyCount "65"]
[EventDate "2008.10.04"]

1. e4 e6 2. d4 d5 3. e5 c5 4. c3 Nc6 5. Nf3 Nge7 6. Bd3 Nf5 7. dxc5 Bxc5 8. b4
Be7 9. O-O a6 10. a4 Nh4 11. Nxh4 Bxh4 12. g3 Be7 13. Re1 Bd7 14. Ba3 Na7 15.
Nd2 O-O 16. Qb1 h6 17. b5 Bxa3 18. Rxa3 a5 19. c4 b6 20. Bf1 Bc8 21. Rd3 Bb7
22. Bg2 Nc8 23. Ne4 Qc7 24. cxd5 Bxd5 25. Rc1 Qxe5 26. f4 Qf5 27. Rd4 Rb8 28.
Qd3 Ne7 29. Rc7 Rfe8 30. Nd6 Qxd3 31. Rxd3 Red8 32. Rxe7 Rxd6 33. Bxd5 1/2-1/2

[Event "First Saturday 2008 oktober FM-B"]
[Site "Budapest"]
[Date "2008.10.06"]
[Round "1.3"]
[White "Mendege, Andras"]
[Black "Mohammad, Fahim"]
[Result "0-1"]
[WhiteElo "1866"]
[BlackElo "1797"]
[PlyCount "66"]
[EventDate "2008.10.04"]

1. e4 c5 2. Nf3 d6 3. d4 cxd4 4. Nxd4 Nf6 5. Nc3 g6 6. Be3 Bg7 7. f3 O-O 8. Qd2
Nc6 9. O-O-O d5 10. Nxc6 bxc6 11. exd5 cxd5 12. Bh6 Be6 13. Bxg7 Kxg7 14. Qd4
Kg8 15. Bb5 Qd6 16. Ba4 a6 17. Bb3 Rfd8 18. g4 Rac8 19. h4 h5 20. Rdg1 Rb8 21.
a3 Qd7 22. g5 Nh7 23. Rd1 Qd6 24. Qd2 d4 25. Bxe6 Qxe6 26. Na4 Qc6 27. b3 Rxb3
28. Nb2 Rxa3 29. Qb4 d3 30. c4 Ra1+ 31. Kd2 Rxd1+ 32. Rxd1 Qxf3 33. Qxe7 Qf2+
0-1

[Event "First Saturday 2008 oktober FM-B"]
[Site "Budapest"]
[Date "2008.10.07"]
[Round "1.4"]
[White "Mohammad, Fahim"]
[Black "Mihajlova, Diana"]
[Result "1/2-1/2"]
[WhiteElo "1797"]
[BlackElo "1484"]
[PlyCount "26"]
[EventDate "2008.10.04"]

1. d4 Nf6 2. c4 e5 3. dxe5 Ne4 4. Nf3 b6 5. Qc2 Bb7 6. Nc3 Bb4 7. Bd2 Nxd2 8.
Qxd2 O-O 9. a3 Bc5 10. e3 Re8 11. Bd3 Bxf3 12. gxf3 Rxe5 13. O-O-O Nc6 1/2-1/2

[Event "First Saturday 2008 oktober FM-B"]
[Site "Budapest"]
[Date "2008.10.07"]
[Round "1.4"]
[White "Mayer, Istvan"]
[Black "Dobos, Otto"]
[Result "1-0"]
[WhiteElo "2136"]
[BlackElo "1824"]
[PlyCount "83"]
[EventDate "2008.10.04"]

1. e4 e5 2. Nf3 d6 3. d4 exd4 4. Nxd4 Be7 5. Nc3 Nf6 6. Be2 O-O 7. O-O Nc6 8.
Nxc6 bxc6 9. Bf3 Bd7 10. Re1 Rb8 11. h3 Qc8 12. Qd3 c5 13. Rb1 Kh8 14. Bf4 Rb4
15. a3 Rb6 16. Bd2 Be6 17. Be2 Ng8 18. f4 f6 19. f5 Bf7 20. Nd5 Bxd5 21. exd5
Qd7 22. b4 Rfb8 23. b5 a6 24. c4 axb5 25. cxb5 Ra8 26. Bd1 c4 27. Qxc4 Rxa3 28.
Re3 Rxe3 29. Bxe3 Rb8 30. g4 Bd8 31. Ba4 Ra8 32. Ra1 Qe7 33. Re1 Qf7 34. Bd4
Ne7 35. Re6 Nxd5 36. Qc6 Be7 37. Qxa8+ Bf8 38. Qxd5 h6 39. Bb3 c6 40. bxc6 h5
41. Rxf6 Qe7 42. Rh6# 1-0

[Event "First Saturday 2008 oktober FM-B"]
[Site "Budapest"]
[Date "2008.10.08"]
[Round "1.5"]
[White "Dobos, Otto"]
[Black "Mendege, Andras"]
[Result "1/2-1/2"]
[WhiteElo "1824"]
[BlackElo "1866"]
[PlyCount "71"]
[EventDate "2008.10.04"]

1. d4 Nf6 2. c3 g6 3. Nf3 Bg7 4. Bf4 O-O 5. h3 d6 6. e3 b6 7. Nbd2 Bb7 8. Bc4
Nbd7 9. O-O Ne4 10. Nxe4 Bxe4 11. Ng5 Bb7 12. Qb3 Qe8 13. Bd5 c6 14. Bc4 h6 15.
Nf3 e5 16. Bg3 e4 17. Nd2 d5 18. Be2 Qe7 19. c4 Rfc8 20. c5 b5 21. a4 a6 22.
axb5 axb5 23. Bd6 Qe6 24. Rfe1 Bf8 25. Bxf8 Rxf8 26. Rxa8 Rxa8 27. f3 f5 28.
fxe4 fxe4 29. Bg4 Qe7 30. Bxd7 Qxd7 31. Nxe4 Qe7 32. Nd6 Kg7 33. Qc2 Bc8 34.
Nxc8 Rxc8 35. e4 Re8 36. e5 1/2-1/2

[Event "First Saturday 2008 oktober FM-B"]
[Site "Budapest"]
[Date "2008.10.08"]
[Round "1.5"]
[White "Mihajlova, Diana"]
[Black "Mayer, Istvan"]
[Result "0-1"]
[WhiteElo "1484"]
[BlackElo "2136"]
[PlyCount "40"]
[EventDate "2008.10.04"]

1. Nf3 g6 2. c4 c5 3. Nc3 Bg7 4. d4 cxd4 5. Nxd4 Nc6 6. e3 Nf6 7. e4 Nxe4 8.
Nxc6 Nxc3 9. Qc2 dxc6 10. Bh6 Bxh6 11. Qxc3 O-O 12. Bd3 Bg7 13. Qc2 Qa5+ 14.
Kf1 Rd8 15. a3 Bxb2 16. Re1 Bf6 17. Re3 Bg5 18. Re2 Qxa3 19. f4 Rxd3 20. fxg5
Bf5 0-1

[Event "First Saturday 2008 oktober FM-B"]
[Site "Budapest"]
[Date "2008.10.09"]
[Round "2.1"]
[White "Mohammad, Fahim"]
[Black "Mayer, Istvan"]
[Result "0-1"]
[WhiteElo "1797"]
[BlackElo "2136"]
[PlyCount "120"]
[EventDate "2008.10.04"]

1. d4 d5 2. c4 dxc4 3. Nc3 a6 4. a4 Bg4 5. Nf3 e6 6. e3 c5 7. Bxc4 Nf6 8. O-O
Nc6 9. Be2 Qb6 10. dxc5 Bxc5 11. Qc2 O-O 12. a5 Qd8 13. Rd1 Qe7 14. Qa4 Bh5 15.
Ne4 Nxe4 16. Qxe4 Bg6 17. Qa4 Nb4 18. Rd7 Qf6 19. Rxb7 Rab8 20. Rxb8 Rxb8 21.
h3 Rd8 22. Qb3 Bd3 23. Bxd3 Rxd3 24. Qa4 Qd8 25. Bd2 Rxd2 26. Nxd2 Qxd2 27. Rd1
Qxb2 28. Rd8+ Bf8 29. Qe8 Qc1+ 30. Kh2 Qc5 31. g3 g6 32. Qd7 Kg7 33. Rc8 Qe7
34. Qxe7 Bxe7 35. Rb8 Nc6 36. Rb6 Nxa5 37. Rxa6 Nc4 38. Kg2 h5 39. Kf3 h4 40.
gxh4 Bxh4 41. Ra4 Ne5+ 42. Ke2 g5 43. f4 Ng6 44. Kf3 gxf4 45. exf4 f5 46. Ra7+
Kf6 47. Ra6 Kf7 48. Ra7+ Be7 49. Rb7 Kf6 50. Rb6 Bc5 51. Ra6 Bb4 52. Ke3 Be1
53. Kf3 Bd2 54. Ra4 Bxf4 55. h4 Bh6 56. Kf2 Ne5 57. h5 Ng4+ 58. Kf3 e5 59. Ra6+
Kg5 60. Ke2 e4 0-1

[Event "First Saturday 2008 oktober FM-B"]
[Site "Budapest"]
[Date "2008.10.09"]
[Round "2.1"]
[White "Mihajlova, Diana"]
[Black "Mendege, Andras"]
[Result "1-0"]
[WhiteElo "1484"]
[BlackElo "1866"]
[PlyCount "90"]
[EventDate "2008.10.04"]

1. Nf3 Nf6 2. c4 c5 3. Nc3 Nc6 4. d4 cxd4 5. Nxd4 g6 6. e4 Bg7 7. Be3 O-O 8.
Bd3 d6 9. f3 Bd7 10. Qd2 Re8 11. g4 Qc8 12. Rc1 Nxd4 13. Bxd4 Bc6 14. Nd5 Nd7
15. Bxg7 Kxg7 16. Qc3+ Kg8 17. Qd2 e6 18. Nb4 Qd8 19. h4 d5 20. Nxc6 bxc6 21.
h5 Qf6 22. f4 Rab8 23. Rc3 e5 24. hxg6 fxg6 25. f5 gxf5 26. Rh6 Qg7 27. gxf5
Rxb2 28. Rg6 Rxd2 29. Rxg7+ Kxg7 30. Kxd2 d4 31. Ra3 Ra8 32. Ra6 Nb8 33. Ra5
Kf6 34. Be2 a6 35. Bh5 Nd7 36. Be2 c5 37. Ra3 a5 38. Bd1 Nb6 39. Kd3 a4 40. Be2
Kg5 41. Kd2 Kf4 42. Rh3 Kg5 43. Rxh7 Rb8 44. Rc7 Rc8 45. Rg7+ Kf4 1-0

[Event "First Saturday 2008 oktober FM-B"]
[Site "Budapest"]
[Date "2008.10.10"]
[Round "2.2"]
[White "Dobos, Otto"]
[Black "Mohammad, Fahim"]
[Result "1/2-1/2"]
[WhiteElo "1824"]
[BlackElo "1797"]
[PlyCount "32"]
[EventDate "2008.10.04"]

1. d4 d5 2. c3 Nf6 3. Nf3 e6 4. h3 c5 5. e3 Nc6 6. Nbd2 Bd6 7. Bd3 O-O 8. O-O
e5 9. dxe5 Nxe5 10. Nxe5 Bxe5 11. Nf3 Bc7 12. Bb1 Re8 13. Qc2 g6 14. Rd1 Bd7
15. Qb3 Bc6 16. Qa3 b6 1/2-1/2

[Event "First Saturday 2008 oktober FM-B"]
[Site "Budapest"]
[Date "2008.10.10"]
[Round "2.2"]
[White "Mendege, Andras"]
[Black "Mayer, Istvan"]
[Result "1/2-1/2"]
[WhiteElo "1866"]
[BlackElo "2136"]
[PlyCount "48"]
[EventDate "2008.10.04"]

1. e4 c5 2. Nf3 d6 3. d4 cxd4 4. Nxd4 Nf6 5. Nc3 g6 6. Be3 Bg7 7. f3 Nc6 8. Qd2
O-O 9. Bc4 a6 10. O-O-O Nxd4 11. Bxd4 b5 12. Bb3 Be6 13. Nd5 Bxd5 14. Bxd5 Nxd5
15. Bxg7 Kxg7 16. Qxd5 Qc7 17. Qd4+ f6 18. Rd3 Rfc8 19. Rc3 Qa5 20. Rxc8 Rxc8
21. Kb1 Rc4 22. Qd3 Ra4 23. Qd5 Rc4 24. Rc1 Qc7 1/2-1/2

[Event "First Saturday 2008 oktober FM-B"]
[Site "Budapest"]
[Date "2008.10.11"]
[Round "2.3"]
[White "Mohammad, Fahim"]
[Black "Mendege, Andras"]
[Result "1-0"]
[WhiteElo "1797"]
[BlackElo "1866"]
[PlyCount "99"]
[EventDate "2008.10.04"]

1. d4 Nf6 2. c4 g6 3. Nc3 d5 4. Nf3 Bg7 5. e3 O-O 6. Bd3 dxc4 7. Bxc4 Bg4 8. h3
Bxf3 9. Qxf3 c6 10. O-O Nbd7 11. Rd1 e6 12. e4 Qc7 13. Bb3 a6 14. Bf4 Qa5 15.
Rac1 Rac8 16. Bd6 Rfe8 17. e5 Nd5 18. Ne4 Qd8 19. Ba3 Bf8 20. Nd6 Bxd6 21. Bxd6
Qg5 22. Re1 h5 23. Rc2 Qh6 24. Re4 Nf8 25. Rh4 Qg7 26. Re2 Nh7 27. Bc2 Ne7 28.
Bb4 Nf5 29. Bxf5 exf5 30. Bd2 Qf8 31. Qg3 Qg7 32. Bg5 Nxg5 33. Qxg5 Red8 34.
Re3 Kh7 35. Rg3 Rg8 36. Rxh5+ gxh5 37. Qxf5+ Qg6 38. Rxg6 fxg6 39. Qe4 Rg7 40.
Qh4 Re8 41. Qf6 Ree7 42. b4 Rd7 43. Qh4 Kg8 44. a4 Rd5 45. e6 Rf5 46. Qd8+ Rf8
47. e7 Rxd8 48. exd8=Q+ Kh7 49. b5 axb5 50. axb5 1-0

[Event "First Saturday 2008 oktober FM-B"]
[Site "Budapest"]
[Date "2008.10.12"]
[Round "2.4"]
[White "Mihajlova, Diana"]
[Black "Mohammad, Fahim"]
[Result "0-1"]
[WhiteElo "1484"]
[BlackElo "1797"]
[PlyCount "80"]
[EventDate "2008.10.04"]

1. Nf3 c5 2. c4 Nc6 3. Nc3 Nf6 4. d4 cxd4 5. Nxd4 e6 6. a3 Bc5 7. e3 O-O 8. b4
Be7 9. Be2 b6 10. b5 Ne5 11. O-O Bb7 12. f4 Ng6 13. Qd3 d5 14. Nc6 Bxc6 15.
bxc6 dxc4 16. Qxc4 Bc5 17. Bf3 Rc8 18. Rd1 Qe7 19. Na4 Nh4 20. Be2 Rxc6 21.
Nxc5 Rxc5 22. Qb4 Qb7 23. Bf1 Rfc8 24. Qe1 Nf5 25. Bb2 Qe7 26. e4 Nh6 27. e5
Nd5 28. Bd4 Rc2 29. Bd3 R2c6 30. Rac1 Qxa3 31. Rxc6 Rxc6 32. Bb1 g6 33. Qh4 Rc1
34. Qe1 Rxd1 35. Qxd1 Nxf4 36. Be3 Qxe3+ 37. Kf1 Qxe5 38. g3 Nd5 39. Qd2 Nf5
40. Kg2 Qe3 0-1

[Event "First Saturday 2008 oktober FM-B"]
[Site "Budapest"]
[Date "2008.10.12"]
[Round "2.4"]
[White "Dobos, Otto"]
[Black "Mayer, Istvan"]
[Result "0-1"]
[WhiteElo "1824"]
[BlackElo "2136"]
[PlyCount "38"]
[EventDate "2008.10.04"]

1. d4 e5 2. dxe5 Nc6 3. Nf3 Qe7 4. g3 Nxe5 5. Nxe5 Qxe5 6. Bg2 Nf6 7. O-O d5 8.
c3 c6 9. Nd2 Be7 10. Nf3 Qh5 11. Re1 O-O 12. h4 Ne4 13. Qd4 Bc5 14. Qa4 Bxf2+
15. Kf1 Bxg3 16. Rd1 Bxh4 17. Kg1 Bf2+ 18. Kf1 Bh3 19. e3 Qxf3 0-1

[Event "First Saturday 2008 oktober FM-B"]
[Site "Budapest"]
[Date "2008.10.13"]
[Round "2.5"]
[White "Mendege, Andras"]
[Black "Dobos, Otto"]
[Result "1/2-1/2"]
[WhiteElo "1866"]
[BlackElo "1824"]
[PlyCount "55"]
[EventDate "2008.10.04"]

1. e4 e5 2. Nf3 d6 3. d4 exd4 4. Nxd4 a6 5. Nc3 Bd7 6. Be3 Nc6 7. Qd2 h6 8. f3
Qh4+ 9. g3 Qh5 10. Nxc6 Bxc6 11. Bg2 f6 12. O-O-O Ne7 13. Ne2 Qf7 14. Kb1 Nc8
15. Nd4 Bd7 16. g4 c5 17. Nf5 Bxf5 18. exf5 Be7 19. f4 Nb6 20. Bxb7 Rb8 21.
Bc6+ Kf8 22. Bd5 Nxd5 23. Qxd5 Qxd5 24. Rxd5 Kf7 25. h4 Rb4 26. Bd2 Rb7 27. Rf1
Rhb8 28. b3 1/2-1/2

[Event "First Saturday 2008 oktober FM-B"]
[Site "Budapest"]
[Date "2008.10.13"]
[Round "2.5"]
[White "Mayer, Istvan"]
[Black "Mihajlova, Diana"]
[Result "1-0"]
[WhiteElo "2136"]
[BlackElo "1484"]
[PlyCount "24"]
[EventDate "2008.10.04"]

1. e4 c5 2. Nf3 d6 3. d4 cxd4 4. c3 Nf6 5. e5 dxe5 6. Nxe5 Qa5 7. Qxd4 e6 8.
Nc4 Qd5 9. Qh4 Nc6 10. Nba3 Ne5 11. Nb5 Kd7 12. Be3 Ke7 1-0